Statistiques concernant Les 50 plus gros achats du Napoli

Cliquez ici pour prendre le quiz!

Statistiques générales

  • Ce quiz a été pris 51 fois
    (2 depuis la dernière actualisation)
  • Le résultat moyen est 19 sur 50

Statistiques - réponses

JoueurClub de ProvenanceSaisonNationalitéPostePrix du TransfertOrdre% Correct
AllanUdinese15/16BrésilM11 500 000 €38
100%
Arkadiusz
Milik
Ajax Amsterdam16/17PologneA32 000 000 €5
100%
Gonzalo
Higuaín
Real Madrid13/14ArgentineA39 000 000 €3
100%
Hirving
Lozano
PSV19/20MexiqueA45 000 000 €2
100%
Victor
Osimhen
Losc Lille20/21NigériaA75 000 000 €1
100%
Adam
Ounas
Bordeaux17/18AlgérieA12 000 000 €34
50%
Alex
Meret
Udinese19/20ItalieG26 000 000 €9
50%
Amadou
Diawara
Bologne16/17GuinéeM14 500 000 €27
50%
André - Frank
Zambo - Anguissa
Fulham21/22CamerounM17 300 000 €19
50%
Diego Armando
Maradona
Barcelone84/85ArgentineM12 000 000 €35
50%
Diego
Demme
RB Leipzig19/20AllemagneM10 250 000 €40
50%
Edinson
Cavani
Palerme11/12UruguayA17 000 000 €20
50%
Eduardo
Vargas
Universidad De Chile11/12ChiliA13 500 000 €29
50%
Eljif
Elmas
Fenerbahce19/20Macédoine
Du Nord
M16 200 000 €23
50%
Fabián
Ruiz
Real Betis18/19EspagneM30 000 000 €7
50%
Fabio
Quagliarella
Udinese09/10ItalieA18 000 000 €16
50%
Giacomo
Raspadori
Sassuolo22/23ItalieA31 000 000 €6
50%
Giovanni
Di Lorenzo
Empoli19/20ItalieD9 800 000 €43
50%
Giovanni
Simeone
Hellas Verona22/23ArgentineA15 500 000 €25
50%
Gokhan
Inler
Udinese11/12SuisseM18 000 000 €15
50%
Jens
Cajuste
Reims23/24SuèdeM12 000 000 €36
50%
Jesper
Lindstrom
Eintracht Francfort23/24DanmarkM30 000 000 €8
50%
José Maria
Callejón
Real Madrid13/14EspagneA9 500 000 €45
50%
Kévin
Malcuit
Losc Lille18/19FranceD12 000 000 €32
50%
Konstantinos
Manolas
As Roma19/20GrèceD36 000 000 €4
50%
Mario
Rui
Roma17/18PortugalD9 500 000 €46
50%
Marko
Rog
Dinamo
Zagreb
17/18CroatieM15 000 000 €26
50%
Mathías
Olivera
Getafe22/23UruguayD16 500 000 €22
50%
Matteo
Politano
Inter Milan21/22ItalieA23 500 000 €12
50%
Min - Jae
Kim
Fenerbahce22/23Corée
Du Sud
D18 050 000 €14
50%
Piotr
Zielinski
Udinese16/17PologneM16 000 000 €24
50%
Raul
Albiol
Real Madrid13/14EspagneD12 000 000 €31
50%
Stanislav
Lobotka
Celta Vigo19/20SlovaquieM21 000 000 €13
50%
Amir
Rrahmani
Hellas Verone19/20KosovoD14 200 000 €28
0%
Andrea
Petagna
Spal19/20ItalieA16 600 000 €21
0%
Blerim
Dzemaili
Parme11/12SuisseM9 000 000 €49
0%
Claudio
Husaín
River Plate00/01ArgentineM9 300 000 €48
0%
Cyril
Ngonge
Hellas Verone23/24BelgiqueA18 000 000 €18
0%
Dries
Mertens
PSV13/14BelgiqueA9 480 000 €47
0%
JorginhoHellas Verone13/14ItalieM9 500 000 €44
0%
Kvicha
Kvaratskhelia
Dinamo Batumi22/23GéorgieA11 500 000 €37
0%
Leonardo
Pavoletti
Genoa16/17ItalieA18 000 000 €17
0%
Lorenzo
Tonelli
Empoli16/17ItalieD10 000 000 €41
0%
Luca
Cigarini
Atalanta09/10ItalieM11 000 000 €39
0%
Manolo
Gabbiadini
Sampdoria14/15ItalieA12 500 000 €30
0%
Miguel
Britos
Bologne11/12UruguayD9 000 000 €50
0%
NatanRed Bull Bragantino23/24BrésilD10 000 000 €42
0%
Nemanja
Maksimovic
Torino17/18SerbieD26 000 000 €10
0%
Roberto
Inglese
Chiévo Verone17/18ItalieA12 000 000 €33
0%
Simone
Verdi
Bologne18/19ItalieA24 500 000 €11
0%

Distribution des résultats

Percentile par nombre de réponses

% des personnes avec chaque résultat

Votre développement - résultats

Vous n’avez pas pris ce quiz depuis la dernière actualisation